| 000 | 00655nam a2200205Ii 4500 | ||
|---|---|---|---|
| 003 | JO-AjNU | ||
| 008 | 230605s9999||||xx |||||||||||||| ||und|| | ||
| 040 |
_aJO-AjNU _bara _erda _cJO-AjNU |
||
| 041 | _aara | ||
| 050 | 1 | 4 | _aS540.A2.M33 1999 |
| 100 | 3 |
_aعبدالعزيز ، محمود, _eauthor _916135 |
|
| 245 | 0 | 0 | _aتصميم التجارب الزراعية |
| 250 | _aط1 | ||
| 264 | 3 | 1 | _aالاسكندرية,مكتبة المعارف الحديثة ، 1999 |
| 300 | _a318ص | ||
| 336 |
_atext _btxt _2rdacontent |
||
| 337 |
_aunmediated _bn _2rdamedia |
||
| 338 |
_avolume _bnc _2rdacarrier |
||
| 650 | 4 |
_aالتجارب الزراعية _916136 |
|
| 999 |
_aA4714 _c8282 _d8282 |
||